000 00478nam a2200169Ia 4500
999 _c35917
_d35917
003 OSt
005 20201218101808.0
008 190216s9999||||xx |||||||||||||| ||und||
040 _coclc
082 _a581.03
_bARO/D
100 _aArora, M
_91614
245 0 _aDictionary Of Botany /
_cM Arora
260 _bAnmol Publications,
_c1987.
_aNew Delhi:
300 _a295p
650 _aDictionary Of Botany
942 _cREF
_2ddc
_h581.03
_iARO/D
_k581.03
_mARO/D